[Event "Gambito de rey aceptado"]
[Site "SchemingMind.com"]
[Date "2014.05.24"]
[Round "-"]
[White "fouche"]
[Black "kenneth m day"]
[Result "1-0"]
[WhiteCountry "COL"]
[BlackCountry "USA"]
[WhiteElo "1625"]
[WhiteRD "61"]
[BlackElo "1753"]
[BlackRD "49"]
[GameID "358921"]

1. e4 e5 2. f4 exf4 3. Bc4 Nc6 4. Nf3 g5 5. h4 g4 6. Bxf7+ Kxf7 7. Ng5+ Ke8 8. Qxg4 Nf6 9. Qxf4 Bd6 10. Qf2 Qe7
11. Nc3 Rf8 12. Qe2 Bg3+ 13. Kd1 Qe5 14. d3 d6 15. Be3 Bg4 16. Nf3 Qe6 17. Kd2 Rd8 18. Raf1 Kd7 19. Kc1 Kc8 20. Kb1 Be5
21. Qd2 Bxc3 22. Qxc3 Bh5 23. Ng5 Qe5 24. d4 Qe8 25. d5 Ne5 26. Ne6 Qe7 27. Bg5 Qd7 28. Nxf8 Rxf8 29. Rxf6 Rxf6 30. Bxf6 Qg4
31. g3 Qxe4 32. Re1 Qxd5 33. Bxe5 dxe5 34. Qxe5 Qd7 35. Qxh5
1-0

[Event "Gambito de rey aceptado"]
[Site "SchemingMind.com"]
[Date "2014.05.25"]
[Round "-"]
[White "kenneth m day"]
[Black "fouche"]
[Result "1/2-1/2"]
[WhiteCountry "USA"]
[BlackCountry "COL"]
[WhiteElo "1753"]
[WhiteRD "49"]
[BlackElo "1625"]
[BlackRD "61"]
[GameID "358922"]

1. e4 e5 2. f4 exf4 3. Nf3 d5 4. exd5 Bd6 5. d4 Bg4 6. Be2 Ne7 7. c4 b6 8. O-O O-O 9. Ne5 Bxe2 10. Qxe2 Nd7
11. Bxf4 Nxe5 12. dxe5 Bc5+ 13. Be3 Ng6 14. Bxc5 bxc5 15. Nc3 Qg5 16. Rae1 c6 17. e6 fxe6 18. Qxe6+ Kh8 19. Qxc6 Nf4 20. d6 Nh3+
21. Kh1 Rxf1+ 22. Rxf1 Rd8 23. gxh3 Qd2 24. d7 h6 25. Nd5 Qe2 26. Rg1 Qe4+ 27. Rg2 Qe1+=
1/2-1/2

[Event "Gambito de rey aceptado"]
[Site "SchemingMind.com"]
[Date "2014.05.26"]
[Round "-"]
[White "fouche"]
[Black "private napoleon"]
[Result "0-1"]
[WhiteCountry "COL"]
[BlackCountry "ENG"]
[WhiteElo "1625"]
[WhiteRD "61"]
[BlackElo "1835"]
[BlackRD "66"]
[GameID "358998"]

1. e4 e5 2. f4 exf4 3. Bc4 Nf6 4. Nc3 d6 5. Nf3 Be7 6. O-O O-O 7. d4 Nxe4 8. Nxe4 d5 9. Bxd5 Qxd5 10. Qe2 Bd6
11. Nxd6 Qxd6 12. Qd3 Nc6 13. a3 Bg4 14. h3 Bxf3 15. Rxf3 Qxd4+ 16. Kh2 Qxd3 17. Rxd3 g5 18. Bd2 Rad8 19. Re1 Rxd3 20. cxd3 Rd8
21. Bc3 Kf8 22. Rd1 Ne7 23. Kg1 Rd6 24. Kf2 Nf5 25. Be5 Rd5 26. Bxc7 Ne3 27. Bb8 Nxd1+
0-1

[Event "Gambito de rey aceptado"]
[Site "SchemingMind.com"]
[Date "2014.05.26"]
[Round "-"]
[White "private napoleon"]
[Black "fouche"]
[Result "1/2-1/2"]
[WhiteCountry "ENG"]
[BlackCountry "COL"]
[WhiteElo "1833"]
[WhiteRD "70"]
[BlackElo "1612"]
[BlackRD "57"]
[GameID "358999"]

1. e4 e5 2. f4 exf4 3. Nf3 d5 4. exd5 Bd6 5. Bc4 Nf6 6. O-O O-O 7. d4 Bg4 8. Nc3 Nbd7 9. Bb3 Re8 10. Bd2 Nb6
11. Re1 Rxe1+ 12. Qxe1 Bxf3 13. gxf3 Qd7 14. Qh4 Re8 15. Bxf4 Bxf4 16. Qxf4 Nfxd5 17. Nxd5 Nxd5 18. Qg3 Ne3 19. c3 b6 20. Re1 Nf5
21. Rxe8+ Qxe8 22. Qe5 Nd6 23. Qxe8+ Nxe8 24. Kf2 Kf8 25. Ke3 Nd6 26. Bc2 h6 27. b3 Ke7 28. c4 Kf6 29. d5 a5 30. a3 Ke5
31. Bd3 g5 32. b4 axb4 33. axb4 f5 34. c5 bxc5 35. bxc5 f4+ 36. Kf2 Nc8 37. Ba6 Na7 38. d6 cxd6 39. cxd6 Kxd6 40. Bd3=
1/2-1/2

[Event "Gambito de rey aceptado"]
[Site "SchemingMind.com"]
[Date "2014.05.26"]
[Round "-"]
[White "private napoleon"]
[Black "kenneth m day"]
[Result "1/2-1/2"]
[WhiteCountry "ENG"]
[BlackCountry "USA"]
[WhiteElo "1791"]
[WhiteRD "74"]
[BlackElo "1708"]
[BlackRD "50"]
[GameID "359000"]

1. e4 e5 2. f4 exf4 3. Nf3 g5 4. h4= g4 5. Bc4 gxf3 6. Qxf3 Nf6 7. e5 Qe7 8. Kd1 Qb4 9. Bb3 d5 10. exf6 c6
11. Re1+ Be6 12. d4 Qxd4+ 13. Bd2 Nd7 14. Qxf4 Qxf4 15. Bxf4 Nxf6 16. Nd2 O-O-O 17. c3 Bg4+ 18. Nf3 Ne4 19. Kc2 Bf5 20. Kc1 Nf2
21. Bc2 Bd3 22. Kd2 Bxc2 23. Kxc2 Bg7 24. Re2 Ne4 25. Bh2 f5 26. Rae1 Rhe8 27. Nd4 Bxd4 28. cxd4 Rd7 29. Rf1 Rde7 30. Rxf5 Kd7
31. g4 Re6 32. g5 R8e7 33. b4 Rg6 34. Be5 Nd6 35. Rf6 Ne4 36. Rf3 Nd6 37. Ref2 Nc4 38. Rf7 Nxe5 39. dxe5 Re6 40. Rxe7+ Rxe7
41. Re2 Ke6 42. Kd3 Rf7 43. Kd4 Rf4+ 44. Kc3 Rf5 45. Rg2 Rxe5 46. g6 hxg6 47. Rxg6+ Kf7 48. Rh6 Kg7 49. Rd6 Rh5 50. Rd7+ Kf6
51. Rxb7 Rxh4 52. Rxa7 Rc4+ 53. Kb3 Ke5 54. a4 c5 55. b5 Kd6 56. Ra6+ Kc7 57. Rc6+ Kb7 58. Rh6 Rg4 59. Rh7+ Kb6 60. Rh6+ Kb7
61. Rh7+ Kb6 62. Rh6+ Kb7 63. Rh7+ Kb6 64. Rh6+
1/2-1/2

[Event "Gambito de rey aceptado"]
[Site "SchemingMind.com"]
[Date "2014.05.27"]
[Round "-"]
[White "kenneth m day"]
[Black "private napoleon"]
[Result "1-0"]
[WhiteCountry "USA"]
[BlackCountry "ENG"]
[WhiteElo "1753"]
[WhiteRD "49"]
[BlackElo "1835"]
[BlackRD "66"]
[GameID "359001"]

1. e4 e5 2. f4 exf4 3. Nf3 d6 4. d4 g5 5. g3 g4 6. Nh4 Be7 7. Bxf4 Bxh4 8. gxh4 Qxh4+ 9. Bg3 Qe7 10. Bg2 Nf6
11. O-O Nc6 12. Bh4 Rg8 13. Bxf6 Qd7 14. Nc3 h5 15. Nd5
1-0

[Event "Gambito de rey aceptado"]
[Site "SchemingMind.com"]
[Date "2014.06.03"]
[Round "-"]
[White "BigDoggProblem"]
[Black "fouche"]
[Result "1-0"]
[WhiteCountry "USA"]
[BlackCountry "COL"]
[WhiteElo "1911"]
[WhiteRD "97"]
[BlackElo "1625"]
[BlackRD "61"]
[GameID "359296"]

1. e4 e5 2. f4 exf4 3. Nf3 d5 4. exd5 Bd6 5. d4 Nf6 6. c4 b6 7. Bd3 Bg4 8. O-O O-O 9. Qc2 Bxf3 10. Rxf3 Nbd7
11. Bxf4 Bxf4 12. Rxf4 c5 13. dxc6 Nb8 14. d5 Na6 15. a3 Nc7 16. Nc3 Re8 17. Raf1 h6 18. Qd2 Qd6 19. Rxf6 gxf6 20. Qxh6
1-0

[Event "Gambito de rey aceptado"]
[Site "SchemingMind.com"]
[Date "2014.06.03"]
[Round "-"]
[White "fouche"]
[Black "BigDoggProblem"]
[Result "0-1"]
[WhiteCountry "COL"]
[BlackCountry "USA"]
[WhiteElo "1625"]
[WhiteRD "61"]
[BlackElo "1911"]
[BlackRD "97"]
[GameID "359297"]

1. e4 e5 2. f4 exf4 3. Bc4 Qh4+ 4. Kf1 Qe7 5. Nc3 c6 6. Nf3 h6 7. d4 g5 8. h4 Bg7 9. hxg5 hxg5 10. Rxh8 Bxh8
11. e5 Kf8 12. d5 Bxe5 13. Ne4 Bf6 14. Nxf6 Qxf6 15. Qd4 Qxd4 16. Nxd4 cxd5 17. Bxd5 Ne7 18. Bf3 Nbc6 19. Nxc6 dxc6 20. Bd2 Bf5
21. c3 Rd8 22. Rd1 Ng6 23. Be1 Rxd1 24. Bxd1 Ne5 25. Bf2 Nd3 26. Bc2 Bg6 27. Bxa7 Nxb2 28. Bxg6 fxg6 29. Bc5+ Kf7 30. Ke2 Ke6
31. Bb6 Kf5 32. Bd8 g4 33. Bc7 Nc4 34. a4 g5 35. Bb8 Ne5 36. Bc7 Ke4 37. Bd8 f3+ 38. gxf3+ gxf3+ 39. Kf1 g4 40. Bh4 Kf4
41. a5 g3 42. Kg1 Ng4 43. c4 Ne3
0-1

[Event "Gambito de rey aceptado"]
[Site "SchemingMind.com"]
[Date "2014.06.05"]
[Round "-"]
[White "BigDoggProblem"]
[Black "private napoleon"]
[Result "1-0"]
[WhiteCountry "USA"]
[BlackCountry "ENG"]
[WhiteElo "1911"]
[WhiteRD "97"]
[BlackElo "1835"]
[BlackRD "66"]
[GameID "359298"]

1. e4 e5 2. f4 exf4 3. Nf3 d6 4. d4 g5 5. h4 g4 6. Ng1 Bh6 7. Be2 Nc6 8. c3 Nf6 9. Qc2 Qe7 10. Bd3 d5
11. e5 Bd7 12. g3 O-O-O 13. Bxf4 Bxf4 14. gxf4 Nh5 15. Ne2 f6 16. Nd2 fxe5 17. fxe5 Rde8 18. O-O-O Be6 19. Rdf1 h6 20. Bg6 Bf7
21. Rxf7
1-0

[Event "Gambito de rey aceptado"]
[Site "SchemingMind.com"]
[Date "2014.06.05"]
[Round "-"]
[White "private napoleon"]
[Black "BigDoggProblem"]
[Result "0-1"]
[WhiteCountry "ENG"]
[BlackCountry "USA"]
[WhiteElo "1833"]
[WhiteRD "70"]
[BlackElo "1935"]
[BlackRD "84"]
[GameID "359299"]

1. e4 e5 2. f4 exf4 3. Bc4 Qh4+ 4. Kf1 Qe7 5. Nc3 c6 6. Nf3 h6 7. d4 g5 8. Bb3 Bg7 9. h3 d6 10. Kf2 h5
11. Re1 g4 12. e5 d5 13. Bxf4 gxf3 14. Qxf3 Be6 15. Rac1 Nd7 16. Kg1 O-O-O 17. a4 h4 18. Ne2 Bh6 19. c4 Nb6 20. c5 Nd7
21. a5 Bxf4 22. Nxf4 Nh6 23. a6 Nf5 24. axb7+ Kxb7 25. Qd3 Nb8 26. Ra1 Qg5 27. Nxe6 fxe6 28. Ra4 Ka8 29. Rea1 Rd7 30. Bd1 Rg8
31. Bf3 Qe3+ 32. Qxe3 Nxe3 33. Kf2 Nf5 34. b3 Rgg7 35. Bg4 Rgf7 36. Kg1 Rb7 37. Bxf5 Rxf5 38. R1a3 Rbf7 39. Kh2 a6 40. Ra2 Kb7
41. Rb4+ Kc8
0-1

[Event "Gambito de rey aceptado"]
[Site "SchemingMind.com"]
[Date "2014.06.03"]
[Round "-"]
[White "BigDoggProblem"]
[Black "kenneth m day"]
[Result "0-1"]
[WhiteCountry "USA"]
[BlackCountry "USA"]
[WhiteElo "1911"]
[WhiteRD "97"]
[BlackElo "1753"]
[BlackRD "49"]
[GameID "359300"]

1. e4 e5 2. f4 exf4 3. Nf3 g5 4. h4 g4 5. Ne5 d6 6. Nxg4 Nf6 7. Nxf6+ Qxf6 8. Nc3 Nc6 9. Nd5 Qg6 10. Qf3 Nd4
11. Qxf4 Bh6 12. Qf6 Qg3+ 13. Qf2 Nxc2+ 14. Ke2 Bg4+
0-1

[Event "Gambito de rey aceptado"]
[Site "SchemingMind.com"]
[Date "2014.06.03"]
[Round "-"]
[White "kenneth m day"]
[Black "BigDoggProblem"]
[Result "1/2-1/2"]
[WhiteCountry "USA"]
[BlackCountry "USA"]
[WhiteElo "1753"]
[WhiteRD "49"]
[BlackElo "1911"]
[BlackRD "97"]
[GameID "359301"]

1. e4 e5 2. f4 exf4 3. Nf3 d6 4. d4 g5 5. g3 g4 6. Nh4 f3 7. Nc3 Nc6 8. Be3 Be7 9. Qd2 h6 10. O-O-O Bg5
11. Nf5 Bxf5 12. exf5 Bxe3 13. Qxe3+ Qe7 14. Qxe7+ Ncxe7 15. Re1 O-O-O 16. Bd3 d5 17. h3 gxh3 18. Rxh3 Nc6 19. Rh4 Nf6 20. Rf1 Ne4
21. Nxe4 dxe4 22. Bxe4 Nxd4 23. Bxf3 Nxf3 24. Rxf3= Rhe8 25. Rf1 Re2 26. Rd1 Rxd1+ 27. Kxd1 Rg2 28. Rxh6 Rxg3 29. Rh7 Rg1+ 30. Kd2 Rb1
31. Kc3 Kd7 32. Rxf7+ Kd6 33. f6 Rf1 34. b3 a5 35. a4 b6 36. Rf8 Ke6 37. Kc4 Rxf6 38. Rxf6+ Kxf6 39. Kd5 Ke7 40. Kc6 Kd8
41. c3 Kc8 42. b4 axb4 43. cxb4 Kb8 44. a5 bxa5 45. bxa5=
1/2-1/2

[Event "Gambito de rey aceptado"]
[Site "SchemingMind.com"]
[Date "2014.06.03"]
[Round "-"]
[White "Marc Wakeham"]
[Black "BigDoggProblem"]
[Result "0-1"]
[WhiteCountry "WLS"]
[BlackCountry "USA"]
[WhiteElo "1551"]
[WhiteRD "68"]
[BlackElo "1911"]
[BlackRD "97"]
[GameID "359321"]

1. e4 e5 2. f4 exf4 3. Nf3 d6 4. Bc4 h6 5. d4 g5 6. O-O Bg7 7. c3 Be6 8. Qb3 Bxc4 9. Qxc4 Nd7 10. Nbd2 Nb6
11. Qb3 Ne7 12. Nc4 O-O 13. Nxb6 axb6 14. Ne1 Qd7 15. Nc2 Kh8 16. Ne1 f5 17. exf5 Qxf5 18. Nf3 Rfe8 19. Bd2 Nd5 20. Rae1 Nf6
21. a3 Ne4 22. Qd1 Re7 23. Re2 Rae8 24. Rfe1 Bf6 25. Qc1 g4 26. Bxf4 gxf3 27. gxf3 Ng5 28. Rxe7 Rxe7 29. Rxe7 Bxe7 30. d5 Nxf3+
31. Kh1 Bg5
0-1

[Event "Gambito de rey aceptado"]
[Site "SchemingMind.com"]
[Date "2014.06.03"]
[Round "-"]
[White "BigDoggProblem"]
[Black "Marc Wakeham"]
[Result "1-0"]
[WhiteCountry "USA"]
[BlackCountry "WLS"]
[WhiteElo "1911"]
[WhiteRD "97"]
[BlackElo "1551"]
[BlackRD "68"]
[GameID "359322"]

1. e4 e5 2. f4 exf4 3. Nf3 g5 4. d4 Bg7 5. h4 g4 6. Ne5 h5 7. Bxf4 Nf6 8. Bd3 d6 9. Nc4 Bd7 10. Qe2 Nc6
11. c3 Qe7 12. Nbd2 O-O-O 13. O-O-O Rde8 14. Bg5 g3 15. Ne3 Qf8 16. Qf3 Ng4 17. Qxg3 Nxe3 18. Bxe3 Bg4 19. Rde1 Bh6 20. Rhf1 Qg8
21. Qf2 Bxe3 22. Rxe3 Rf8 23. Rg3 b6 24. Be2 Qh7 25. Bxg4+ hxg4 26. Rxg4 Ne7 27. Rf4 Kb7 28. g3 Nc6 29. Rxf7 Rxf7 30. Qxf7
1-0

[Event "Gambito de rey aceptado"]
[Site "SchemingMind.com"]
[Date "2014.06.04"]
[Round "-"]
[White "Marc Wakeham"]
[Black "fouche"]
[Result "1-0"]
[WhiteCountry "WLS"]
[BlackCountry "COL"]
[WhiteElo "1551"]
[WhiteRD "68"]
[BlackElo "1625"]
[BlackRD "61"]
[GameID "359323"]

1. e4 e5 2. f4 exf4 3. Bc4 Nf6 4. Nf3 d5 5. exd5 Bc5 6. d4 Bd6 7. O-O O-O 8. Nc3 a6 9. Ne5 b5 10. Bb3 Bb7
11. Bxf4 Nbd7 12. Nc6 Qe8 13. Bxd6 cxd6 14. Qf3 Bxc6 15. dxc6 Nb6 16. Rae1 Qc8 17. d5 Re8 18. Nd1 Re5 19. Rxe5 dxe5 20. Ne3 Ra7
21. Qg3 e4 22. Nf5 Qxf5 23. Rxf5
1-0

[Event "Gambito de rey aceptado"]
[Site "SchemingMind.com"]
[Date "2014.06.04"]
[Round "-"]
[White "fouche"]
[Black "Marc Wakeham"]
[Result "0-1"]
[WhiteCountry "COL"]
[BlackCountry "WLS"]
[WhiteElo "1625"]
[WhiteRD "61"]
[BlackElo "1551"]
[BlackRD "68"]
[GameID "359324"]

1. e4 e5 2. f4 exf4 3. Bc4 d6 4. Nf3 Be6 5. Bxe6 fxe6 6. O-O Nc6 7. d4 g5 8. h4 h6 9. hxg5 hxg5 10. d5 exd5
11. exd5 Ne5 12. Re1 Bg7 13. c4 g4 14. Nxe5 Bxe5 15. Bxf4 Qh4 16. Bxe5 dxe5 17. Rxe5+ Ne7 18. Qe1 Qh1+ 19. Kf2 Qxe1+ 20. Rxe1 Kd7
21. Nc3 Raf8+ 22. Kg3 Nf5+ 23. Kxg4 Rhg8+ 24. Kf4 Nd4+ 25. Ke4 Nc2 26. Rh1 Nxa1 27. Rxa1 Rxg2 28. Rb1 Re8+ 29. Kd3 Rh8 30. Ne4 Rh3+
31. Kd4 Rh4 32. b4 Re2
0-1

[Event "Gambito de rey aceptado"]
[Site "SchemingMind.com"]
[Date "2014.06.05"]
[Round "-"]
[White "Marc Wakeham"]
[Black "private napoleon"]
[Result "0-1"]
[WhiteCountry "WLS"]
[BlackCountry "ENG"]
[WhiteElo "1551"]
[WhiteRD "68"]
[BlackElo "1835"]
[BlackRD "66"]
[GameID "359325"]

1. e4 e5 2. f4 exf4 3. Nf3 d6 4. Bc4 g5 5. O-O Bg7 6. d4 h6 7. Nc3 Nc6 8. Nd5 g4 9. Ne1 Bxd4+ 10. Kh1 Qh4
11. c3 g3 12. h3 Bxh3 13. Nxc7+ Kd7 14. Nxa8 Bg4#
0-1

[Event "Gambito de rey aceptado"]
[Site "SchemingMind.com"]
[Date "2014.06.05"]
[Round "-"]
[White "private napoleon"]
[Black "Marc Wakeham"]
[Result "1-0"]
[WhiteCountry "ENG"]
[BlackCountry "WLS"]
[WhiteElo "1833"]
[WhiteRD "70"]
[BlackElo "1560"]
[BlackRD "67"]
[GameID "359326"]

1. e4 e5 2. f4 exf4 3. Be2 Qh4+ 4. Kf1 Bc5 5. d4 Bb6 6. Nf3 Qh6 7. Nc3 g5 8. h3 d6 9. Kg1 Be6 10. Na4 Nf6
11. Nxb6 axb6 12. g3 fxg3 13. Bxg5 Qg6 14. Bxf6 Qxf6 15. Kg2 Nd7 16. d5 O-O-O 17. dxe6 fxe6 18. c3 Qf4 19. Qd3 Ne5 20. Qd4 c5
21. Qa4 Kb8 22. Rhf1 Rdg8 23. Nxe5 Qxe4+ 24. Qxe4
1-0

[Event "Gambito de rey aceptado"]
[Site "SchemingMind.com"]
[Date "2014.06.03"]
[Round "-"]
[White "Marc Wakeham"]
[Black "kenneth m day"]
[Result "0-1"]
[WhiteCountry "WLS"]
[BlackCountry "USA"]
[WhiteElo "1551"]
[WhiteRD "68"]
[BlackElo "1753"]
[BlackRD "49"]
[GameID "359327"]

1. e4 e5 2. f4 exf4 3. Nf3 g5 4. d4 g4 5. Ng1 Qh4+ 6. Kd2 Nf6 7. Nc3 Bb4 8. Bc4 Nxe4+ 9. Ke2 Bxc3 10. Bxf4 d6
11. g3 Qe7 12. Kf1 Bxb2 13. Ne2 Bxa1 14. Qxa1 Nc6 15. d5 Ne5 16. Kg2 Bd7 17. Rf1 O-O-O 18. Be3 Nxc4 19. Bd4 Ne5 20. Bxe5 Qxe5
21. Qxe5 dxe5 22. Rxf7 h5
0-1

[Event "Gambito de rey aceptado"]
[Site "SchemingMind.com"]
[Date "2014.06.03"]
[Round "-"]
[White "kenneth m day"]
[Black "Marc Wakeham"]
[Result "1-0"]
[WhiteCountry "USA"]
[BlackCountry "WLS"]
[WhiteElo "1753"]
[WhiteRD "49"]
[BlackElo "1551"]
[BlackRD "68"]
[GameID "359328"]

1. e4 e5 2. f4 exf4 3. Nf3 Bc5 4. d4 Bb6 5. Bxf4 Nf6 6. Nc3 O-O 7. Bd3 d6 8. Qd2 Bg4 9. Qe3 Nbd7 10. O-O Nh5
11. Bg5 Qe8 12. Nd5 Bxf3 13. Rxf3 Kh8 14. Rh3 f5 15. c3 fxe4 16. Qxe4 Qxe4 17. Bxe4 g6 18. g4 Ng7 19. Bxg6 c6 20. Ne7
1-0

[Event "Gambito de rey aceptado"]
[Site "SchemingMind.com"]
[Date "2014.06.04"]
[Round "-"]
[White "Marc Wakeham"]
[Black "Phillip Beckett"]
[Result "1/2-1/2"]
[WhiteCountry "WLS"]
[BlackCountry "ENG"]
[WhiteElo "1551"]
[WhiteRD "68"]
[BlackElo "1560"]
[BlackRD "47"]
[GameID "359357"]

1. e4 e5 2. f4 Qh4+ 3. Ke2 Qxf4 4. Nc3 d5 5. exd5 Bg4+ 6. Nf3 e4 7. d3 exf3+ 8. gxf3 Qxf3+ 9. Ke1 Qxh1 10. Qxg4 Nd7
11. Bf4 Ngf6 12. Qe2+ Be7 13. Kd2 O-O-O 14. Re1 Bb4 15. Bg2 Bxc3+ 16. bxc3 Rhe8 17. Bxh1 Rxe2+ 18. Rxe2 Re8 19. c4 Rxe2+ 20. Kxe2 Nh5
21. Be3 f6 22. d4 Nb6 23. Kd3 g5 24. Be4 h6 25. Bg6 Ng7 26. c5 Nd7 27. c4 Nf8 28. Bf7 Kd8 29. c6 bxc6 30. dxc6 Ke7
31. Bd5 Nfe6 32. c5 Nf4+ 33. Bxf4 gxf4 34. Ke4 Ne6 35. Bxe6 Kxe6 36. Kxf4 Kd5 37. Ke3 f5 38. h4 h5 39. Kf4 Kxd4 40. Kxf5 Kxc5
41. Kg5 Kxc6 42. Kxh5 Kd6 43. Kg6 c5 44. h5 c4 45. h6 c3 46. h7 c2 47. h8=Q c1=Q 48. Qd8+ Ke5 49. Qe8+ Kf4 50. Qb8+ Kf3
51. Qf8+ Kg4 52. Qb4+ Kf3 53. Qb3+ Qe3 54. Qd5+= Qe4+ 55. Qf5+ Qxf5+ 56. Kxf5= Ke3 57. Ke5 Kd3 58. Kd5= Kc3 59. Kc5 Kb2 60. Kb5 Kxa2=
1/2-1/2

[Event "Gambito de rey aceptado"]
[Site "SchemingMind.com"]
[Date "2014.06.04"]
[Round "-"]
[White "Phillip Beckett"]
[Black "Marc Wakeham"]
[Result "1-0"]
[WhiteCountry "ENG"]
[BlackCountry "WLS"]
[WhiteElo "1560"]
[WhiteRD "47"]
[BlackElo "1551"]
[BlackRD "68"]
[GameID "359358"]

1. e4 e5 2. f4 exf4 3. Nf3 g5 4. Bc4 h6 5. d4 d6 6. O-O Bg4 7. h3 Bxh3 8. gxh3 Nd7 9. c3 Bg7 10. Qb3 Qe7
11. Re1 O-O-O 12. Bxf7 Ngf6 13. e5 dxe5 14. dxe5 Nh5 15. Bxh5 Nb6 16. Bg4+ Kb8 17. Qe6 Qxe6 18. Bxe6 Nd5 19. Bxd5 Rxd5 20. Nbd2 Re8
21. Nc4 Bf8 22. b4 b5 23. Na5 Bg7 24. Bb2 Kc8 25. Nc6 Kb7 26. Ncd4 Kb6 27. Rad1 c5 28. bxc5+ Kxc5 29. Nb3+ Kc6 30. Nfd4+ Kb6
31. Nf3 Rxd1 32. Rxd1 Re6 33. Rd6+ Rxd6 34. exd6 Kc6 35. Ba3 Bf6 36. Nfd4+ Kb6 37. Bc5+ Kb7 38. Nxb5 a6 39. N5d4 Kc8 40. Nd2 Kd7
41. Ne4 Be5 42. Nf5 f3 43. Kf2 Kc6 44. Kxf3 a5 45. Kg4 Kd7 46. Kh5
1-0

[Event "Gambito de rey aceptado"]
[Site "SchemingMind.com"]
[Date "2014.06.04"]
[Round "-"]
[White "BigDoggProblem"]
[Black "Phillip Beckett"]
[Result "1-0"]
[WhiteCountry "USA"]
[BlackCountry "ENG"]
[WhiteElo "1911"]
[WhiteRD "97"]
[BlackElo "1560"]
[BlackRD "47"]
[GameID "359359"]

1. e4 e5 2. f4 Qh4+ 3. g3 Qe7 4. fxe5 d6 5. d4 dxe5 6. d5 c6 7. c4 cxd5 8. cxd5 Nf6 9. Nc3 Bg4 10. Be2 Bxe2
11. Ngxe2 Nbd7 12. Qa4 Qb4 13. Qc2 Bc5 14. a3 Qb6 15. Na4 Bf2+ 16. Kf1 Qd8 17. Kxf2 Rc8 18. Nac3 Nc5 19. Qb1 Nb3 20. Ra2 Qb6+
21. Kg2 Ng4 22. Rf1 Ne3+ 23. Bxe3 Qxe3 24. Rf3 Qg5 25. Qg1 Nd2 26. Rf5 Qg6 27. Rxe5+ Kd7 28. Qxa7 Rc7 29. b4 Nc4 30. Rf5 h5
31. Nd4 Ne3+ 32. Kg1 Nxf5 33. Nxf5 Rxc3 34. Qxb7+ Rc7 35. Qb5+ Kd8 36. d6 Rc1+ 37. Kg2 h4 38. Qb6+ Ke8 39. Qb8+ Kd7 40. Qb7+ Kd8
41. Qe7+ Kc8 42. Rd2 h3+ 43. Kf2 Rd8 44. d7+ Rxd7 45. Qe8+
1-0

[Event "Gambito de rey aceptado"]
[Site "SchemingMind.com"]
[Date "2014.06.04"]
[Round "-"]
[White "Phillip Beckett"]
[Black "BigDoggProblem"]
[Result "0-1"]
[WhiteCountry "ENG"]
[BlackCountry "USA"]
[WhiteElo "1560"]
[WhiteRD "47"]
[BlackElo "1911"]
[BlackRD "97"]
[GameID "359360"]

1. e4 e5 2. f4 exf4 3. Nf3 d6 4. Bc4 h6 5. d4 g5 6. O-O Bg7 7. c3 Be6 8. Qb3 Bxc4 9. Qxc4 Nd7 10. e5 dxe5
11. dxe5 Nxe5 12. Nxe5 Bxe5 13. Qb5+ Kf8 14. Qxb7 Ne7 15. Nd2 Qd5 16. Qxd5 Nxd5 17. Nc4 Bf6 18. Bd2 Re8 19. Rfe1 Kg7 20. Rad1 Nb6
21. Nxb6 axb6 22. Rxe8 Rxe8 23. Re1 Rxe1+ 24. Bxe1 Kg6 25. g3 Be5 26. gxf4 Bxf4 27. Bf2 Kf5 28. Kg2 Ke4 29. b3 Kd3 30. c4 Kc3
31. c5 b5 32. c6 Bd6 33. h3 b4 34. Kf3 f5 35. h4 Kb2 36. hxg5 hxg5
0-1

[Event "Gambito de rey aceptado"]
[Site "SchemingMind.com"]
[Date "2014.06.05"]
[Round "-"]
[White "fouche"]
[Black "Phillip Beckett"]
[Result "0-1"]
[WhiteCountry "COL"]
[BlackCountry "ENG"]
[WhiteElo "1612"]
[WhiteRD "57"]
[BlackElo "1553"]
[BlackRD "48"]
[GameID "359361"]

1. e4 e5 2. f4 Qh4+ 3. g3 Qe7 4. Nf3 exf4 5. Nc3 fxg3 6. d4 gxh2 7. Bg5 f6 8. Bh4 c6 9. Qe2 d5 10. e5 g5
11. Bg3 fxe5 12. dxe5 Bg4 13. O-O-O Bh6 14. Kb1 Nd7 15. Bxh2 O-O-O 16. Qd3 Bxf3 17. Qxf3 Nxe5 18. Bh3+ Kb8 19. Rhe1 Rf8 20. Qg4 Nf6
21. Bxe5+ Qxe5 22. Qc8+ Rxc8 23. Rxe5 g4 24. Bg2 Rhe8 25. Rde1 Rxe5 26. Rxe5 Re8 27. Rxe8+ Nxe8 28. Ne2 Nf6 29. Nd4 Ne4 30. Nf5 Bf4
31. Bxe4 g3 32. Bg2 Kc7 33. c3 Kd7 34. Kc2 Ke6 35. Nh4 Kf6 36. Nf3 Kf5 37. Kd3 Kg4 38. c4 dxc4+ 39. Kxc4 h5 40. a4 h4
41. Ng1 Be3 42. Nh3 Bc1 43. b4 b6 44. Kd4 Ba3 45. Kc4 c5 46. b5 Bb4 47. Kd5 Ba5 48. Kc6 c4 49. Kb7 c3 50. Ng1 c2
51. Ne2 h3 52. Be4 g2 53. Kxa7 c1=Q 54. Nxc1 g1=Q
0-1

[Event "Gambito de rey aceptado"]
[Site "SchemingMind.com"]
[Date "2014.06.05"]
[Round "-"]
[White "Phillip Beckett"]
[Black "fouche"]
[Result "0-1"]
[WhiteCountry "ENG"]
[BlackCountry "COL"]
[WhiteElo "1560"]
[WhiteRD "47"]
[BlackElo "1625"]
[BlackRD "61"]
[GameID "359362"]

1. e4 e5 2. f4 exf4 3. Nf3 d5 4. exd5 Bd6 5. d4 Nf6 6. Bb5+ Bd7 7. Bxd7+ Nbxd7 8. O-O O-O 9. c4 b6 10. Nc3 c5
11. dxc6 Nb8 12. d5 Na6 13. Nb5 Nc7 14. Nxc7 Qxc7 15. Nd4 a6 16. Nf5 Rfe8 17. b3 Re4 18. Nxd6 Qxd6 19. Qf3 Qc5+ 20. Kh1 Rae8
21. Bxf4 b5 22. Bg3 Re2 23. Rf2 Re1+ 24. Rf1 R1e2 25. Rf2 R2e4 26. Rff1 bxc4 27. bxc4 Qxc4 28. c7 Qxd5 29. Rad1 Qxa2 30. Rd8 Rc4
31. c8=Q Rxc8 32. Rxe8+ Rxe8 33. Bh4 Nd7 34. Rf2 Re1+ 35. Rf1 Rxf1+ 36. Qxf1 h6 37. Qd1 Ne5 38. Qe1 f6 39. Bg3 Qe6 40. Qb1 Qc4
41. Qb8+ Kh7 42. Qb1+ Nd3
0-1

[Event "Gambito de rey aceptado"]
[Site "SchemingMind.com"]
[Date "2014.06.05"]
[Round "-"]
[White "Phillip Beckett"]
[Black "private napoleon"]
[Result "0-1"]
[WhiteCountry "ENG"]
[BlackCountry "ENG"]
[WhiteElo "1560"]
[WhiteRD "47"]
[BlackElo "1835"]
[BlackRD "66"]
[GameID "359363"]

1. e4 e5 2. f4 exf4 3. Nf3 g5 4. Bc4 g4 5. O-O gxf3 6. Qxf3 Qf6 7. Bxf7+ Qxf7 8. d4 Bh6 9. e5 Ne7 10. g3 d6
11. exd6 cxd6 12. Bxf4 Bxf4 13. Qxf4 Qxf4 14. Rxf4 Rf8 15. Rxf8+ Kxf8 16. Nc3 Nbc6 17. Rf1+ Kg7 18. d5 Bh3 19. Re1 Ne5 20. Ne4 Nf3+
0-1

[Event "Gambito de rey aceptado"]
[Site "SchemingMind.com"]
[Date "2014.06.05"]
[Round "-"]
[White "private napoleon"]
[Black "Phillip Beckett"]
[Result "1-0"]
[WhiteCountry "ENG"]
[BlackCountry "ENG"]
[WhiteElo "1833"]
[WhiteRD "70"]
[BlackElo "1553"]
[BlackRD "48"]
[GameID "359364"]

1. e4 e5 2. f4 Qh4+ 3. g3 Qe7 4. Nf3 exf4 5. Nc3 fxg3 6. hxg3 d5 7. d3 dxe4 8. dxe4 Bg4 9. Bf4 c6 10. Bc4 Nf6
11. e5 Nfd7 12. Qd3 Bxf3 13. Qxf3 Nxe5 14. Bxe5 Qxe5+ 15. Ne2 Qa5+ 16. c3 Qc7 17. O-O-O Na6 18. Bxa6 bxa6 19. Rhe1 Be7 20. Nd4 O-O-O
21. Nxc6 Rxd1+ 22. Rxd1 Bg5+ 23. Kb1 Bf6 24. Rd5 h5 25. Rc5 Kd7 26. Ne5+ Bxe5 27. Rxc7+ Bxc7 28. Qxf7+ Kc8 29. Qxg7 Rd8 30. a3 Bxg3
31. Qxg3 Rh8 32. Qh4 Kb7 33. b3
1-0